| 000 | 00586nam a22002057a 4500 | ||
|---|---|---|---|
| 003 | OSt | ||
| 005 | 20220107122743.0 | ||
| 008 | 140416b xxu||||| |||| 00| 0 eng d | ||
| 020 | _a9788131717929 | ||
| 040 | _cIIITM-K | ||
| 082 | _a658.404 HEN/S;1 | ||
| 100 |
_aHenry, Joel _94074 |
||
| 245 |
_aSoftware project management: _bA real-world guide to success _cby Joel Henry |
||
| 260 |
_aNew Delhi, _bPearson, _c2004. |
||
| 300 | _axxvii, 409p. | ||
| 650 |
_aMANAGEMENT _94075 |
||
| 650 |
_aPROJECT MANAGEMENT _94076 |
||
| 650 |
_aSOFTWARE PROJECT MANAGEMENT _94077 |
||
| 942 |
_2ddc _cBK |
||
| 999 |
_c4036 _d4036 |
||